书目信息 |
| 题名: |
列宁反对修正主义机会主义的斗争
|
|
| 作者: | 郑言实 | |
| 分册: | ||
| 出版信息: | 北京 人民出版社 1963 |
|
| 页数: | 190 | |
| 开本: | 20cm | |
| 丛书名: | ||
| 单 册: | ||
| 中图分类: | A73 | |
| 科图分类: | ||
| 主题词: | 列宁--传记 , 列宁--生平事迹 | |
| 电子资源: | ||
| ISBN: | ||
| 000 | 00537nam0 2200181 450 | |
| 001 | 0734081268 | |
| 005 | 20071007092801.28 | |
| 100 | @a20071007d km y0chiy0120 ea | |
| 101 | 0 | @achi |
| 200 | 1 | @a列宁反对修正主义机会主义的斗争@Alie ning fan dui xiu zheng zhu yi ji hui zhu yi de dou zheng@f郑言实@Fzheng yan shi |
| 210 | @a北京@c人民出版社@d1963 | |
| 215 | @a190@d20cm | |
| 606 | 0 | @a列宁@x传记 |
| 606 | 0 | @a列宁@x生平事迹 |
| 690 | @aA73@v3 | |
| 701 | 0 | @a郑言实@Azheng yan shi |
| 801 | 0 | @aCN@bPFT@c20071007 |
| 905 | @a213230@dA73@ea1@f1 | |
| 列宁反对修正主义机会主义的斗争/郑言实.-北京:人民出版社,1963 |
| 190;20cm |
| ISBN : |
| ● |
| 相关链接 |
|
|
|
|
正题名:列宁反对修正主义机会主义的斗争
索取号:A73/a1
 
预约/预借
| 序号 | 登录号 | 条形码 | 馆藏地/架位号 | 状态 | 备注 |
| 1 | 7509533 | 275095335 | 史法系资料室/ [索取号:A73/a1] | 在馆 |